[Event "Chigorin Memorial 2019"]
[Site "St Petersburg RUS"]
[Date "2019.10.06"]
[Round "2.136"]
[White "Lakshyesh, Mohan Gupta"]
[Black "Slastikhin, Vladislav"]
[Result "0-1"]
[WhiteElo "1635"]
[BlackElo "1980"]
[WhiteFideId "45049114"]
[BlackFideId "34157325"]
[EventDate "2019.10.05"]

1. e4 e5 2. Nf3 Nc6 3. Bc4 Nf6 4. Ng5 d5 5. exd5 Na5 6. Bb5+ c6 7. dxc6 bxc6 8.
Qf3 Be7 9. a3 O-O 10. Bd3 h6 11. Ne4 Nd5 12. Nec3 f5 13. Qd1 e4 14. Be2 Bd6 15.
b4 Nb7 16. Bc4 Be6 17. Ne2 Qf6 18. c3 Rae8 19. Nd4 Kh8 20. Qb3 Bg8 21. Kd1 Be5
22. Nc2 Nd6 23. Bxd5 cxd5 24. Qa4 Qh4 25. Ne3 f4 26. Nc2 Qxf2 27. Ne1 Nc4 28.
Qa6 Bh7 29. Qc6 e3 0-1

[Event "Chigorin Memorial 2019"]
[Site "St Petersburg RUS"]
[Date "2019.10.06"]
[Round "2.137"]
[White "Ponomarev, Vsevolod"]
[Black "Avazov, Semen"]
[Result "1-0"]
[WhiteElo "1980"]
[BlackElo "1639"]
[WhiteFideId "24239968"]
[BlackFideId "54114390"]
[EventDate "2019.10.05"]

1. e4 c5 2. Nf3 d6 3. d4 cxd4 4. Nxd4 Nf6 5. Nc3 a6 6. Be2 e6 7. f4 Be7 8. O-O
O-O 9. Be3 Qc7 10. Bf3 Bd7 11. Kh1 Nc6 12. Nb3 Rfe8 13. g4 Bc8 14. g5 Nd7 15.
Bg2 Bf8 16. Qe1 b5 17. a3 Bb7 18. Rd1 Rad8 19. Qg3 g6 20. f5 exf5 21. Nd5 Qc8
22. exf5 Ne7 23. fxg6 fxg6 24. Rxf8+ Kxf8 25. Qxd6 Kf7 26. Nd4 Qc5 27. Qf4+ Kg8
28. Nf5 1-0

[Event "Chigorin Memorial 2019"]
[Site "St Petersburg RUS"]
[Date "2019.10.06"]
[Round "2.138"]
[White "Timirev, Sergey"]
[Black "Pestryakov, Nikita"]
[Result "0-1"]
[WhiteElo "1613"]
[BlackElo "1978"]
[WhiteFideId "24181676"]
[BlackFideId "44130546"]
[EventDate "2019.10.05"]

1. d4 d5 2. c4 e6 3. Nf3 Nf6 4. g3 dxc4 5. Bg2 c5 6. O-O Nc6 7. dxc5 Qxd1 8.
Rxd1 Bxc5 9. Nc3 e5 10. Nd5 O-O 11. Nxf6+ gxf6 12. Bh6 Re8 13. Nh4 Bg4 14. Kf1
Nd4 15. f3 Be6 16. Rac1 Red8 17. h3 Nc2 18. e4 Rxd1+ 19. Rxd1 Be3 20. f4 c3 21.
b3 Nd4 0-1

[Event "Chigorin Memorial 2019"]
[Site "St Petersburg RUS"]
[Date "2019.10.06"]
[Round "2.139"]
[White "Kuznetsov, Mikhail"]
[Black "Erin, Aleksandr V."]
[Result "1-0"]
[WhiteElo "1971"]
[BlackElo "1612"]
[WhiteFideId "54126738"]
[BlackFideId "24272710"]
[EventDate "2019.10.05"]

1. Nf3 Nf6 2. d4 d5 3. c4 e6 4. Nc3 b6 5. cxd5 exd5 6. Bg5 Be7 7. e3 Bb7 8. Bd3
Ne4 9. Bxe7 Qxe7 10. Qb3 Qd8 11. O-O O-O 12. Qc2 f5 13. Ne5 Qe7 14. f3 Nd6 15.
Nb5 Na6 16. a3 g6 17. Rfe1 c5 18. Nxd6 Qxd6 19. f4 Rac8 20. Bxa6 Bxa6 21. Qd2
Rc7 22. Rac1 Rfc8 23. Red1 c4 24. Qc3 Bb5 25. Rf1 Ba4 26. Rf3 a5 27. g4 Qe6 28.
Rcf1 Ra7 29. Rg3 Kh8 30. h4 Kg7 31. Kf2 fxg4 32. Rxg4 Rf8 33. Rfg1 Rf5 34. Rg5
Kg8 35. Ke2 Kf8 36. Qe1 Bb5 37. Kd2 Rxg5 38. Rxg5 Ke8 39. Nxc4 Kf8 40. Ne5 Rc7
41. f5 Qc8 42. Qb1 a4 43. fxg6 Qh3 44. Qf5+ Qxf5 45. Rxf5+ Kg7 46. gxh7 Kxh7 47.
Rf6 Rb7 48. Rd6 Bc4 49. Kc3 b5 50. Kb4 Rc7 51. Nd7 Kg7 52. h5 Kh7 53. Nf6+ Kg7
54. Ne8+ 1-0

[Event "Chigorin Memorial 2019"]
[Site "St Petersburg RUS"]
[Date "2019.10.06"]
[Round "2.140"]
[White "Grekhov, Luka"]
[Black "Sapegin, Yaroslav"]
[Result "1-0"]
[WhiteElo "1601"]
[BlackElo "1967"]
[WhiteFideId "44129637"]
[BlackFideId "44168322"]
[EventDate "2019.10.05"]

1. e4 e5 2. Nf3 Nc6 3. Bb5 f5 4. Nc3 fxe4 5. Nxe4 Nf6 6. d3 d5 7. Nxf6+ gxf6 8.
Nh4 Be6 9. O-O Qd6 10. Qh5+ Bf7 11. Qf5 a6 12. Bxc6+ Qxc6 13. f4 Qe6 14. Qxe6+
Bxe6 15. fxe5 Bc5+ 16. Kh1 fxe5 17. Bh6 e4 18. dxe4 dxe4 19. Rae1 Bd5 20. Bg7
Rg8 21. Bf6 Kd7 22. Rf5 Kc6 23. c4 Be6 24. Re5 Bd7 25. R5xe4 Bf2 26. Rf1 Rae8
27. Rxe8 Rxe8 28. Nf3 Re2 29. Ne5+ Kd6 30. Rd1+ Ke6 31. Nxd7 Re1+ 32. Rxe1+ Bxe1
33. Bc3 Bxc3 34. Nc5+ 1-0

[Event "Chigorin Memorial 2019"]
[Site "St Petersburg RUS"]
[Date "2019.10.06"]
[Round "2.141"]
[White "Makhno, Maria"]
[Black "Vershinin, Igor"]
[Result "1-0"]
[WhiteElo "1960"]
[BlackElo "1610"]
[WhiteFideId "24173479"]
[BlackFideId "24256137"]
[EventDate "2019.10.05"]

1. c4 c5 2. g3 Nc6 3. Bg2 e5 4. Nc3 Nge7 5. a3 a5 6. d3 g6 7. h4 Bg7 8. h5 O-O
9. Nd5 d6 10. Bg5 f6 11. Bd2 Be6 12. Qc1 Nd4 13. Qc3 a4 14. Rd1 Nb3 15. e3 Nc6
16. Ne2 Bg4 17. hxg6 hxg6 18. Qc2 Bxe2 19. Rb1 Bg4 20. d4 Bf5 21. e4 Ncxd4 22.
Qd1 Nxd2 23. exf5 Nxb1 24. fxg6 Qa5+ 25. Kf1 Rfe8 26. Qh5 Nd2+ 27. Kg1 Kf8 28.
Qg4 e4 29. Qd7 Ne2+ 30. Kh2 Re7 31. Qxe7+ 1-0

[Event "Chigorin Memorial 2019"]
[Site "St Petersburg RUS"]
[Date "2019.10.06"]
[Round "2.142"]
[White "Klimentiev, Sergey"]
[Black "Afanasieva, Alexandra"]
[Result "0-1"]
[BlackTitle "WFM"]
[WhiteElo "1591"]
[BlackElo "1957"]
[WhiteFideId "24155896"]
[BlackFideId "34126926"]
[EventDate "2019.10.05"]

1. e4 c5 2. Nf3 d6 3. Bb5+ Bd7 4. Bxd7+ Qxd7 5. Nc3 Nc6 6. d4 cxd4 7. Nxd4 g6 8.
O-O Bg7 9. Be3 Nf6 10. f3 O-O 11. Qd2 Rfc8 12. Rfd1 Ne5 13. b3 Qd8 14. Nd5 Nxd5
15. exd5 a6 16. c3 Qa5 17. c4 Qxd2 18. Rxd2 b5 19. cxb5 axb5 20. Rad1 b4 21. h3
Kf8 22. Re2 Rc3 23. f4 Rd3 24. Rxd3 Nxd3 25. Nc6 Bc3 26. f5 Ne5 27. Bh6+ Ke8 28.
fxg6 hxg6 29. Bf4 Nxc6 30. dxc6 e5 31. Kf1 Kd8 32. Bg5+ Kc7 33. Rc2 Kxc6 34. Bd2
Kd5 35. Bxc3 bxc3 36. Ke2 Kd4 37. Kf3 Kd3 38. Rf2 c2 39. Rf1 Rxa2 0-1

[Event "Chigorin Memorial 2019"]
[Site "St Petersburg RUS"]
[Date "2019.10.06"]
[Round "2.143"]
[White "Vankon, Alexander"]
[Black "Zakharov, Yuri"]
[Result "1-0"]
[WhiteElo "1955"]
[BlackElo "1600"]
[WhiteFideId "34402020"]
[BlackFideId "4166620"]
[EventDate "2019.10.05"]

1. e4 e5 2. Nf3 Nc6 3. d4 exd4 4. Bc4 Nf6 5. O-O d6 6. Nxd4 Nxd4 7. Qxd4 Be7 8.
Nc3 c6 9. Bf4 b5 10. Bd3 Qb6 11. Qxb6 axb6 12. a3 Be6 13. Rad1 O-O 14. h3 Nd7
15. Be2 Ne5 16. Be3 Nc4 17. Bxc4 Bxc4 18. Rfe1 Rab8 19. f4 Rfd8 20. b3 Be6 21.
f5 Bc8 22. Bf4 Rb7 23. Na2 Rbd7 24. Nb4 Bb7 25. Be3 c5 26. Nd5 Bxd5 27. Rxd5 Kf8
28. Red1 Ke8 29. Bf4 Bf6 30. g4 Bd4+ 31. Kg2 f6 32. h4 Ke7 33. Kf3 Ra7 34. Bc1
Rad7 35. g5 Kf7 36. Rd2 h5 37. Rg2 Rg8 38. Bf4 Ke7 39. gxf6+ Bxf6 40. Bg5 Kf7
41. Rgd2 Bd4 42. e5 Ra7 43. e6+ Ke8 44. Rxd6 Ra8 45. c3 Bf6 46. Ke4 Rb8 47. Rd7
Ra8 48. R2d3 c4 49. bxc4 bxc4 50. R3d6 Bxg5 51. hxg5 h4 52. e7 g6 53. Ke5 gxf5
54. Kf6 1-0

[Event "Chigorin Memorial 2019"]
[Site "St Petersburg RUS"]
[Date "2019.10.06"]
[Round "2.144"]
[White "Vetokhina, Sofia"]
[Black "Yudkevich, Mikhail"]
[Result "0-1"]
[WhiteElo "1589"]
[BlackElo "1954"]
[WhiteFideId "24199966"]
[BlackFideId "4134486"]
[EventDate "2019.10.05"]

1. d4 Nf6 2. c4 d6 3. Nc3 Nbd7 4. e4 e5 5. d5 Be7 6. Bd3 O-O 7. Nge2 Ne8 8. O-O
Bg5 9. b4 Bxc1 10. Qxc1 g6 11. Qc2 a6 12. Na4 Ng7 13. c5 f5 14. f3 Nf6 15. Nac3
f4 16. b5 dxc5 17. bxa6 b6 18. Qa4 Nge8 19. g3 Nh5 20. Rf2 Nd6 21. gxf4 Nxf4 22.
Nxf4 Rxf4 23. Ne2 Rf8 24. Ng3 Bh3 25. Bf1 Bd7 26. Qa3 Qe7 27. Rb1 Qe8 28. Rfb2
Ra7 29. Qc3 Qe7 30. Kg2 Bc8 31. a4 Bxa6 32. Bxa6 Rxa6 33. Ra2 Ra5 34. Rba1 Qg5
35. h4 Qxh4 36. Qxe5 Qf4 37. Qxf4 Rxf4 38. Ne2 Rf8 39. Nc3 Nc4 40. Nb5 Rf7 41.
Re1 Ne5 42. Re3 g5 43. Kg3 h5 44. d6 c6 45. Nc3 b5 46. axb5 Rxa2 47. Nxa2 cxb5
48. Nc3 b4 49. Nd5 h4+ 50. Kg2 Kf8 51. Ne7 Rxe7 52. dxe7+ Kxe7 53. Rb3 Kd6 54.
Kh3 Kc6 55. f4 gxf4 56. Kxh4 Kb5 57. Kg5 c4 58. Rb1 c3 59. Kxf4 c2 60. Ra1 c1=Q+
61. Rxc1 Nd3+ 62. Ke3 Nxc1 63. Kd2 Nb3+ 64. Kc2 Nc5 65. e5 Kc4 0-1

[Event "Chigorin Memorial 2019"]
[Site "St Petersburg RUS"]
[Date "2019.10.06"]
[Round "2.145"]
[White "Dmitriev, Vladimir"]
[Black "Reger, Valeriia"]
[Result "1-0"]
[WhiteElo "1951"]
[BlackElo "1599"]
[WhiteFideId "4175069"]
[BlackFideId "34175528"]
[EventDate "2019.10.05"]

1. e4 e6 2. d4 d5 3. Nd2 c5 4. c3 Nc6 5. Bb5 cxd4 6. cxd4 Qb6 7. Qa4 Bd7 8. exd5
exd5 9. Ngf3 a6 10. Bxc6 Bxc6 11. Qc2 Bb5 12. a4 Qe6+ 13. Ne5 Rc8 14. Qb3 Bc4
15. Qe3 a5 16. Ndxc4 dxc4 17. O-O Bb4 18. d5 Qe7 19. Bd2 f6 20. Bxb4 axb4 21. d6
Qxe5 22. Qh3 Kd8 23. Rfe1 c3 24. Rxe5 fxe5 25. Qe6 cxb2 26. Re1 Rc1 27. Qxe5 Nf6
28. Qa5+ Kd7 29. Qb5+ Kc8 30. Qf1 Rc2 31. h3 Kb8 32. Kh2 Rhc8 33. Rb1 Rc1 34.
Qd3 R8c2 35. f4 Nd7 36. Qxh7 Ka7 37. Qd3 Nc5 38. Qd4 Rxb1 39. d7 Rh1+ 40. Kxh1
b1=Q+ 41. Kh2 Qf1 42. Kg3 Qxg2+ 43. Kh4 Qd2 44. d8=Q Qxd4 45. Qxd4 b3 46. a5 b2
47. Qb4 Na4 48. a6 b6 49. Qe4 Rc7 50. Qb4 Rc1 51. Qe4 Nc5 52. Qe7+ Kxa6 53. Qe2+
Nd3 54. Qxd3+ Kb7 55. Qe4+ Ka6 56. Qe2+ b5 57. Qxb2 Rc4 58. Kg5 b4 59. f5 Kb5
60. Qxg7 b3 61. Qb7+ Ka4 62. f6 Rc2 63. f7 b2 64. f8=Q 1-0

[Event "Chigorin Memorial 2019"]
[Site "St Petersburg RUS"]
[Date "2019.10.06"]
[Round "2.146"]
[White "Dunaevskaya, Alisa"]
[Black "Novikov, Kirill"]
[Result "0-1"]
[WhiteElo "1583"]
[BlackElo "1950"]
[WhiteFideId "54115396"]
[BlackFideId "44153635"]
[EventDate "2019.10.05"]

1. d4 Nf6 2. c4 g6 3. Nf3 Bg7 4. g3 d6 5. Bg2 O-O 6. O-O Na6 7. Nc3 c6 8. Re1
Nc7 9. e4 Rb8 10. a4 Bg4 11. Qd3 Bxf3 12. Bxf3 Ne6 13. Be3 Nd7 14. Rad1 c5 15.
Ne2 cxd4 16. Nxd4 Ne5 17. Qe2 Nxd4 18. Bxd4 Qa5 19. Bxe5 Bxe5 20. b3 a6 21. h4
Qb4 22. Rd3 b5 23. cxb5 axb5 24. axb5 Rxb5 25. h5 Rfb8 26. Rb1 Qa3 27. Qc2 Bg7
28. hxg6 hxg6 29. Bd1 Rc5 30. Qd2 Rb4 31. Qe2 Qa8 32. Re3 Bh6 33. f4 e5 34. Qh2
exf4 35. gxf4 Bg7 36. e5 dxe5 37. fxe5 Qa7 38. Kf1 Rd5 39. Re2 Qa6 40. e6 Rf5+
41. Kg1 Rg4+ 42. Rg2 Rf1# 0-1

[Event "Chigorin Memorial 2019"]
[Site "St Petersburg RUS"]
[Date "2019.10.06"]
[Round "2.147"]
[White "Tskhadadze, Anna"]
[Black "Petrov, Igor"]
[Result "1-0"]
[WhiteElo "1941"]
[BlackElo "1584"]
[WhiteFideId "4165098"]
[BlackFideId "54110831"]
[EventDate "2019.10.05"]

1. d4 d5 2. Bf4 c6 3. e3 e6 4. Nf3 Bd6 5. Ne5 Bxe5 6. Bxe5 f6 7. Bg3 Ne7 8. Bd3
O-O 9. Nd2 Nd7 10. f4 Qb6 11. O-O Qxb2 12. Qh5 g6 13. Qe2 Qb6 14. Rab1 Qd8 15.
e4 dxe4 16. Nxe4 Nb6 17. c3 Ned5 18. Qe1 Na4 19. Kh1 f5 20. Bc2 fxe4 21. Bxa4
Qa5 22. Bb3 Qxc3 23. Qxe4 Qa5 24. Rbe1 Qd8 25. Rf3 a5 26. a3 Ra6 27. Rd3 b5 28.
Bd1 b4 29. Bg4 Nc7 30. Qe5 Rf7 31. axb4 axb4 32. Rb3 h5 33. Be2 Rf5 34. Qe3 Ra4
35. Bd3 Rd5 36. Bxg6 Rxd4 37. f5 Rd1 38. Qh6 Rxe1+ 39. Bxe1 Qe7 40. Rg3 h4 41.
Bh7+ Kf7 42. Qg6+ Kf8 43. Qg8# 1-0

[Event "Chigorin Memorial 2019"]
[Site "St Petersburg RUS"]
[Date "2019.10.06"]
[Round "2.148"]
[White "Oleinik, Egor"]
[Black "Alekseev, Mikhail"]
[Result "0-1"]
[WhiteElo "1575"]
[BlackElo "1940"]
[WhiteFideId "14158469"]
[BlackFideId "34171069"]
[EventDate "2019.10.05"]

1. e4 c6 2. Nc3 d5 3. Nf3 a6 4. d4 Bg4 5. Be3 e6 6. e5 c5 7. Be2 Ne7 8. O-O Bxf3
9. Bxf3 cxd4 10. Bxd4 Nf5 11. Ne2 Nc6 12. c3 Be7 13. Re1 O-O 14. Bg4 Nfxd4 15.
cxd4 Qb6 16. Rb1 Rac8 17. a3 g6 18. Qd3 Qb5 19. Qxb5 axb5 20. Rec1 b4 21. a4 Bg5
22. f4 Bd8 23. Kf2 Bb6 24. Ke3 b3 25. Rc3 Na5 26. Nc1 Nc4+ 27. Kd3 Ba5 28. Nxb3
Nxb2+ 29. Rxb2 Bxc3 30. Ra2 b6 31. Be2 Bb4 32. Bd1 Rc3+ 33. Ke2 Rfc8 34. g3 Ba5
35. Kf2 R8c4 36. Ke2 Rb4 37. Ra3 Rxd4 0-1

[Event "Chigorin Memorial 2019"]
[Site "St Petersburg RUS"]
[Date "2019.10.06"]
[Round "2.149"]
[White "Zakharova, Viktoriya"]
[Black "Zhuravlev, Mikhail"]
[Result "0-1"]
[WhiteElo "1939"]
[BlackElo "1577"]
[WhiteFideId "24183890"]
[BlackFideId "34430237"]
[EventDate "2019.10.05"]

1. e4 e5 2. Nf3 Nf6 3. Nc3 Bb4 4. Bc4 Bxc3 5. dxc3 d6 6. Qe2 a6 7. a4 O-O 8. Bg5
Be6 9. O-O Qe7 10. Bd3 h6 11. Bh4 Nbd7 12. Nd2 g5 13. Bg3 Nc5 14. b4 Nxd3 15.
cxd3 Bg4 16. f3 Bd7 17. Bf2 Nh5 18. g3 Ng7 19. d4 f6 20. Be3 b5 21. axb5 axb5
22. Nb3 Qe6 23. d5 Qh3 24. Qg2 Qxg2+ 25. Kxg2 f5 26. Ra5 Rac8 27. Ra7 fxe4 28.
fxe4 Bh3+ 29. Kxh3 Rxf1 30. Kg2 Rf7 31. h3 c6 32. Rxf7 Kxf7 33. dxc6 Rxc6 34.
Bd2 Ne6 35. Kf3 Kg6 36. Na5 Rc7 37. Ke3 Nd8 38. Kd3 Nb7 39. Nb3 Kf6 40. Be3 Ke6
41. Nd2 d5 42. exd5+ Kxd5 43. h4 gxh4 44. gxh4 h5 45. Ne4 Rf7 46. Ng3 Rh7 47.
Ne4 Rh8 48. Bg5 Nd6 49. Nd2 e4+ 50. Ke2 Nf5 51. Nb3 Ra8 52. Nd2 Ra2 53. Kd1 e3
54. Nf3 Rf2 55. Ne1 Ke4 0-1

[Event "Chigorin Memorial 2019"]
[Site "St Petersburg RUS"]
[Date "2019.10.06"]
[Round "2.150"]
[White "Smirnov, Yaroslav"]
[Black "Sorin, Boris"]
[Result "0-1"]
[WhiteElo "1570"]
[BlackElo "1937"]
[WhiteFideId "44110839"]
[BlackFideId "24125229"]
[EventDate "2019.10.05"]

1. d4 Nf6 2. Nf3 g6 3. g3 Bg7 4. Bg2 O-O 5. c4 d5 6. O-O Nc6 7. Nc3 dxc4 8. e4
a6 9. a4 Na5 10. Be3 Nb3 11. Ra3 Rb8 12. Qc2 c6 13. Bf4 Ra8 14. Rd1 Be6 15. Be5
b5 16. Na2 a5 17. Nc1 b4 18. Ra2 Nxc1 19. Qxc1 Nxe4 20. Qe3 c3 21. Bxg7 Kxg7 22.
d5 Bxd5 23. b3 Qc7 24. Nd4 Nf6 25. Bxd5 Nxd5 26. Qg5 e6 27. h4 h6 28. Qg4 Nf6
29. Qf3 Rad8 30. Raa1 Rd6 31. Rd3 Rd5 32. Rad1 Rfd8 33. Kf1 Qb6 34. Qe3 Qa6 35.
Qe2 e5 36. Rf3 Qxe2+ 37. Kxe2 Rxd4 38. Rxd4 Rxd4 39. Rd3 Rxd3 40. Kxd3 Nd5 0-1

[Event "Chigorin Memorial 2019"]
[Site "St Petersburg RUS"]
[Date "2019.10.06"]
[Round "2.151"]
[White "Lezina, Anna"]
[Black "Guseva, Oksana"]
[Result "1-0"]
[WhiteElo "1542"]
[BlackElo "1925"]
[WhiteFideId "54147220"]
[BlackFideId "34400940"]
[EventDate "2019.10.05"]

1. e4 e6 2. d4 d5 3. Nd2 Nf6 4. e5 Nfd7 5. Bd3 c5 6. c3 cxd4 7. cxd4 Nc6 8. Ne2
Qb6 9. Nf3 f6 10. exf6 Nxf6 11. O-O Bd6 12. Bf4 Qc7 13. Bxd6 Qxd6 14. Re1 O-O
15. Ng3 Bd7 16. Ne5 Nxd4 17. Bxh7+ Nxh7 18. Qxd4 Be8 19. Rac1 Nf6 20. Ne4 Nxe4
21. Rxe4 Qe7 22. Re2 Bh5 23. Rec2 Qg5 24. Rc7 Rf5 25. Nd3 Rf7 26. Rc8+ Rxc8 27.
Rxc8+ Kh7 28. Qxa7 Be2 29. Qd4 Qd2 30. Qh4+ Kg6 31. Qg3+ Kh7 32. Qh3+ Qh6 33.
Qxh6+ gxh6 34. Nb4 d4 35. Rd8 e5 36. Rd5 Re7 37. f3 Kg6 38. b3 Re6 39. Kf2 Ba6
40. g3 Kf6 41. h4 Kg6 42. g4 Kf6 43. h5 Kg5 44. Nxa6 bxa6 45. Kg3 Kf6 46. f4
exf4+ 47. Kxf4 Re2 48. Rd6+ Kg7 49. Rxa6 d3 50. Rd6 1-0

[Event "Chigorin Memorial 2019"]
[Site "St Petersburg RUS"]
[Date "2019.10.06"]
[Round "2.152"]
[White "Kulnev, Aleksandr"]
[Black "Nikitin, Georgy"]
[Result "0-1"]
[WhiteElo "1536"]
[BlackElo "1920"]
[WhiteFideId "54157544"]
[BlackFideId "34115959"]
[EventDate "2019.10.05"]

1. e4 c6 2. Nc3 d5 3. Nf3 Bg4 4. h3 Bxf3 5. Qxf3 Nf6 6. exd5 cxd5 7. d4 Nc6 8.
Bb5 e6 9. O-O Be7 10. a3 O-O 11. Be3 Qb6 12. Bxc6 bxc6 13. Rfb1 a5 14. b3 Qa7
15. Na4 Ne4 16. c4 Bf6 17. cxd5 exd5 18. Qd1 c5 19. dxc5 Bxa1 20. Rxa1 Rad8 21.
Bd4 Ng5 22. b4 Rfe8 23. Nb6 Ne6 24. b5 Nxd4 25. Qxd4 Re4 26. Qd3 Qc7 27. Rd1
Rde8 28. Qc3 d4 29. Qxa5 Qxc5 30. g3 Qc3 31. Qa4 d3 32. Qa7 Re1+ 33. Rxe1 Qxe1+
34. Kg2 d2 0-1

[Event "Chigorin Memorial 2019"]
[Site "St Petersburg RUS"]
[Date "2019.10.06"]
[Round "2.153"]
[White "Rubtsov, Aleksandr"]
[Black "Romanov, Nikita M."]
[Result "1/2-1/2"]
[WhiteElo "1883"]
[BlackElo "1587"]
[WhiteFideId "34179272"]
[BlackFideId "34273875"]
[EventDate "2019.10.05"]

1. e4 c5 2. Nf3 Nc6 3. d4 cxd4 4. Nxd4 Nf6 5. Nc3 e5 6. Ndb5 d6 7. Bg5 a6 8. Na3
b5 9. Nd5 Be7 10. Bxf6 Bxf6 11. c3 O-O 12. Nc2 Bg5 13. Be2 Kh8 14. a4 bxa4 15.
Rxa4 a5 16. Nce3 Bxe3 17. Nxe3 Rb8 18. O-O Rxb2 19. Nc4 Rb8 20. Nxd6 Be6 21. Bc4
Qe7 22. Bxe6 Qxe6 23. Nc4 Rfc8 24. Qd5 Nb4 25. Qxe6 fxe6 26. Nxe5 Rxc3 27. Rxa5
Nc6 28. Nxc6 Rxc6 29. Rfa1 Kg8 30. Ra8 Rxa8 31. Rxa8+ Kf7 32. f3 Rc2 33. h4 Rc6
34. Kh2 e5 35. Rh8 h6 36. Rd8 h5 37. Kg3 g6 38. Rd3 Rc2 39. Kh3 Rc1 40. Rd2 Ke6
41. g4 hxg4+ 42. Kxg4 Rg1+ 43. Kh3 Rf1 44. Kg2 Rc1 45. Rb2 Ra1 46. Rb8 Kf6 47.
Rf8+ Ke7 48. Rh8 Kf6 49. h5 gxh5 50. Rxh5 Ra2+ 51. Kg3 Ra1 52. Rh6+ Kg5 53. Re6
Ra5 54. Re8 Kf6 55. Rf8+ Ke6 56. Rh8 Kf6 57. Kg4 Kg6 58. Rb8 Ra6 59. Rb5 Re6 60.
Kg3 Re7 61. Kf2 Re8 62. Ke3 Re6 63. Kd3 Rd6+ 64. Kc3 Ra6 65. Kc4 Rd6 66. Rxe5
Rf6 67. Kd5 Rxf3 68. Ke6 Rf4 69. Ke7 Kg7 70. Re6 Rf7+ 71. Kd6 Kf8 72. Rh6 Ra7
73. Rh8+ Kg7 74. Rc8 1/2-1/2

[Event "Chigorin Memorial 2019"]
[Site "St Petersburg RUS"]
[Date "2019.10.06"]
[Round "2.154"]
[White "Kudryavtseva, Anastasia"]
[Black "Kurchenko, Egor"]
[Result "1/2-1/2"]
[WhiteElo "1501"]
[BlackElo "1917"]
[WhiteFideId "44166320"]
[BlackFideId "54157749"]
[EventDate "2019.10.05"]

1. d4 Nf6 2. c4 e6 3. Nc3 c5 4. d5 exd5 5. cxd5 d6 6. e4 g6 7. Nf3 Bg7 8. Bb5+
Nbd7 9. O-O O-O 10. Bf4 Qc7 11. Qd2 a6 12. Bxd7 Nxd7 13. Bh6 b5 14. Bxg7 Kxg7
15. a3 Re8 16. Rfe1 c4 17. Qd4+ f6 18. Rad1 Nc5 19. h3 Bd7 20. Re2 Re7 21. Kh2
Rae8 22. Rde1 Qc8 23. Re3 a5 24. R1e2 Qc7 25. Ne1 Nb3 26. Qd1 Qc5 27. Nc2 b4 28.
axb4 axb4 29. Na2 Rb8 30. Qe1 Be8 31. Naxb4 Ra7 32. Qc3 Nc1 33. Rd2 Na2 34. Nxa2
Rb3 35. Qd4 Rxa2 36. Qxc5 dxc5 37. Rxb3 cxb3 38. Ne3 Kf7 39. Kg3 Bb5 40. Nd1 Bc4
41. Kf4 Ra1 42. Ke3 Ke7 43. f4 Kd6 44. g4 g5 45. fxg5 fxg5 46. Kf3 Rc1 47. Ne3
Bb5 48. Nd1 Ke5 49. d6 Rc2 50. Rd5+ Ke6 51. Ke3 Bc6 52. Rd3 c4 53. Rd4 Bd7 1/2-1/2

[Event "Chigorin Memorial 2019"]
[Site "St Petersburg RUS"]
[Date "2019.10.06"]
[Round "2.155"]
[White "Filimonov, Mikhail A."]
[Black "Kobak, Polina"]
[Result "1/2-1/2"]
[WhiteElo "1915"]
[BlackElo "1549"]
[WhiteFideId "24205354"]
[BlackFideId "24269727"]
[EventDate "2019.10.05"]

1. e4 c5 2. Nf3 Nc6 3. b3 Nf6 4. Nc3 d6 5. Bb5 e5 6. Bxc6+ bxc6 7. h3 g6 8. d3
Bg7 9. Bb2 Bb7 10. O-O O-O 11. Na4 Nd7 12. c4 Nb6 13. Nc3 f5 14. Ne2 Bc8 15. Nh2
f4 16. Kh1 f3 17. Nxf3 Rxf3 18. gxf3 Bxh3 19. Rg1 Qh4 20. Rg3 Rf8 21. Kh2 Bf1+
22. Kg1 Bh3 23. Kh2 Bf1+ 24. Kg1 1/2-1/2

[Event "Chigorin Memorial 2019"]
[Site "St Petersburg RUS"]
[Date "2019.10.06"]
[Round "2.156"]
[White "Panchenko, Sergey"]
[Black "Usacheva, Glafira"]
[Result "0-1"]
[WhiteElo "1465"]
[BlackElo "1905"]
[WhiteFideId "54158354"]
[BlackFideId "34119741"]
[EventDate "2019.10.05"]

1. e4 c5 2. Nf3 d6 3. Bb5+ Nd7 4. Bxd7+ Bxd7 5. b3 e5 6. d3 g6 7. h3 Bg7 8. Nbd2
Ne7 9. O-O O-O 10. Nh2 f5 11. exf5 gxf5 12. Bb2 Ng6 13. Qf3 e4 14. dxe4 Bxb2 15.
Rad1 Bc6 16. Nc4 Bxe4 17. Qg3 Bg7 18. Rxd6 Qe7 19. f3 Bc6 20. Re1 f4 21. Qf2
Qxd6 22. Qe2 Qd4+ 23. Kh1 Rae8 0-1

[Event "Chigorin Memorial 2019"]
[Site "St Petersburg RUS"]
[Date "2019.10.06"]
[Round "2.157"]
[White "Sorokin, Artem"]
[Black "Fedorov, Egor"]
[Result "1-0"]
[WhiteElo "1904"]
[BlackElo "1489"]
[WhiteFideId "44133561"]
[BlackFideId "44126565"]
[EventDate "2019.10.05"]

1. e4 e5 2. Nf3 Nc6 3. d4 exd4 4. Nxd4 Nf6 5. Nxc6 bxc6 6. Qe2 Bb4+ 7. c3 Be7 8.
e5 Nd5 9. c4 Bb4+ 10. Nd2 Nf4 11. Qe4 Ne6 12. a3 Bxd2+ 13. Bxd2 Rb8 14. Bc3 Bb7
15. Qe3 c5 16. f4 Qh4+ 17. g3 Qh6 18. Rg1 Qxh2 19. O-O-O h6 20. Rd2 Qh5 21. Be2
Qf5 22. Bd3 Qg4 23. Rf2 g5 24. Rgf1 gxf4 25. gxf4 Rg8 26. f5 Nd4 27. Rf4 Qg3 28.
Bxd4 cxd4 29. Qxd4 c5 30. Qd6 Qe3+ 31. Kb1 Rc8 32. Bc2 Bc6 33. e6 dxe6 34. f6 1-0

[Event "Chigorin Memorial 2019"]
[Site "St Petersburg RUS"]
[Date "2019.10.06"]
[Round "2.158"]
[White "Chereshkevich, Yuri"]
[Black "Shmoilov, Dmitry"]
[Result "1/2-1/2"]
[WhiteElo "1478"]
[BlackElo "1904"]
[WhiteFideId "34282882"]
[BlackFideId "24160342"]
[EventDate "2019.10.05"]

1. Nf3 Nf6 2. d4 c5 3. e3 d5 4. b3 cxd4 5. exd4 Nc6 6. Bb2 Bg4 7. Bd3 e6 8. Nbd2
Bd6 9. O-O Rc8 10. c3 a6 11. Qe1 O-O 12. Ne5 Bxe5 13. dxe5 Nd7 14. f4 f5 15. c4
Nc5 16. Bb1 Nb4 17. Ba3 a5 18. Bxb4 axb4 19. cxd5 Qxd5 20. Qe3 b5 21. Bc2 Na4
22. Bd1 Bxd1 23. Raxd1 Nc3 24. Ra1 Rfd8 25. Nf3 Ra8 26. Qf2 h6 27. Rfc1 Qe4 28.
Rc2 Qxf4 29. Qb6 Re8 30. Qd4 Qxd4+ 31. Nxd4 Rad8 32. Nc6 Rc8 33. Nxb4 Re7 34.
Kf1 Rec7 35. Rac1 Nd5 36. Rxc7 Rxc7 37. Rxc7 Nxc7 38. a4 bxa4 39. bxa4 Kf8 40.
Ke2 Ke8 41. Kd3 Kd7 42. Kd4 g5 43. a5 f4 44. Ke4 Nb5 45. h4 Na7 46. hxg5 hxg5
47. g3 fxg3 48. Kf3 Nb5 49. Kxg3 Na3 50. a6 Kc7 51. a7 Kb7 52. Nc6 Nc4 53. Kg4
Nxe5+ 54. Nxe5 Kxa7 1/2-1/2